• 首页
  • 本馆介绍
  • 公告通知
  • 最新文献
  • 馆藏检索
  • 电子资源
  • 读者导购
  • 参考咨询
  • 我的图书馆
  • 登录
  • 详细信息显示
  • 放入我的书架
  • 预约/预借图书
  • 作者相关作品
  • 分类相关作品
  • 丛书相关作品
  • 出版社相关作品

书目信息

  • 表格格式
  • 工作单格式
  • 卡片格式
题名:
实变多项式函数
    
 
作者: 项武义 编著
分册:  
出版信息: 北京   科学出版社  1984
页数: 84页
开本: 19cm
丛书名: 数学小丛书
单 册:
中图分类: O174.14
科图分类:
主题词: 实变函数-多项式 , 多项式-实变函数
电子资源:
ISBN:
000 00730nam2 2200277 45
001 0184002158
005 20040520163740.9
010    @dCNY0.40
091    @a13031.2715
100    @a19950512d1984 em y0chiy0121 ea
101 0  @achi
102    @aCN@b110000
105    @ay z 000yy
106    @ar
200 10 @a实变多项式函数@Ashi bian duo xiang shi han shu@f项武义编著
210    @a北京@c科学出版社@d1984
215    @a84页@d19cm
225 2  @a数学小丛书
410  0 @120010@a数学小丛书
606    @a实变函数-多项式
606    @a多项式-实变函数
690    @aO174.14@v3
701  0 @a项武义@Axiang wu yi@4编著
801  0 @aCN@b上海图书馆@c20040520
801  2 @aCN@bNLC@c20040520
905    @f3@b125566-568@dO174.14@e56
    
    实变多项式函数/项武义编著.-北京:科学出版社,1984
    84页;19cm.-(数学小丛书)
    
    
    ISBN :CNY0.40
    
●
相关链接 在E读中查询图书 在五车中查询图书 在当当中查询图书 在豆瓣中查询图书


正题名:实变多项式函数     索取号:O174.14/56         预约/预借

序号 登录号 条形码 馆藏地/架位号 状态 备注
1 0125566   000422509   第三借阅区/ [索取号:O174.14/56] 在馆    
2 0125567   000422518   第三借阅区/ [索取号:O174.14/56] 在馆    
3 0125568   000422527   第三借阅区/ [索取号:O174.14/56] 在馆    
4 0125569   000422536   第三借阅区/ [索取号:O174.14/56] 在馆    
5 0125570   000422545   第二样本阅览室/ [索取号:O174.14/56] 在馆    
唐山师范学院图书馆 欢迎您!
大连网信软件有限公司© 版权所有